000 00645nam a2200193 i 4500
001 100161
003 ES-MaACL
005 20250725035426.0
007 t|
008 050922s1945 sp ||||1| spa d
080 _a655.1/.3
100 1 _aMartínez Sicluna, V.
_978427
245 1 0 _aTeória y práctica de la Tipografía con nociones de las industrias afines
_b: manual para aprendices y oficiales /
_cescrito por V. Martínez Sicluna.
260 _aBarcelona :
_bGustavo Gili,
_c1945.
300 _aXIX, 347 p. :
_bil. ;
_c22 cm.
650 7 _aImprenta
_2embne
_913605
852 _aES-MaACL
_jF-16305
_bR.21429
999 _c100161
_d100161